Statistiques concernant Films avec Gérard Darmon par image

Cliquez ici pour prendre le quiz!

Statistiques générales

  • Ce quiz a été pris 84 fois
  • Le résultat moyen est 5 sur 16

Statistiques - réponses

Réponse% Correct
Astérix et Obélix : Mission Cléopâtre
100%
La Cité de la peur
89%
Les Aventures de Rabbi Jacob
58%
Arthur et la Vengeance de Maltazard
54%
Le Cœur des hommes
40%
Bienvenue à bord
31%
Tout le monde debout
31%
Bis
28%
Brutus vs César
22%
Robin des bois, la véritable histoire
11%
Mais qui as tué Pamela Rose ?
10%
Le Boulet
9%
Irréductible
7%
Les Parrains
5%
King
4%
37°2 le matin
2%

Distribution des résultats

Percentile par nombre de réponses

% des personnes avec chaque résultat

Votre développement - résultats

Vous n’avez pas pris ce quiz